Normal view
MARC view
- IP TELEPHONY RFCS
Entry Topical Term
001 - CONTROL NUMBER
- control field: 60237
003 - CONTROL NUMBER IDENTIFIER
- control field: NUST
005 - DATE AND TIME OF LATEST TRANSACTION
- control field: 20210628202517.0
008 - FIXED-LENGTH DATA ELEMENTS
- fixed length control field: 210628|| aca||aabn | a|a d
040 ## - CATALOGING SOURCE
- Original cataloging agency: NUST
- Transcribing agency: NUST
150 ## - HEADING--TOPICAL TERM
- Topical term or geographic name entry element: IP TELEPHONY RFCS
670 ## - SOURCE DATA FOUND
- Source citation: Work cat.: (NUST): Loshin, Pete 59634, Big book ip telephony rfcs, 2001
